<?xml version="1.0" encoding="UTF-8"?>
<marc:record xmlns:marc="http://www.loc.gov/MARC21/slim">
   <marc:leader>00000nam a2200000 a 4500</marc:leader>
   <marc:datafield ind1="1" ind2=" " tag="100">
      <marc:subfield code="a">Bauermeister, Christiane</marc:subfield>
      <marc:subfield code="4">aut</marc:subfield>
      <marc:subfield code="e">Verfasser/-in</marc:subfield>
   </marc:datafield>
   <marc:datafield ind1="1" ind2=" " tag="100">
      <marc:subfield code="a">Gerberding, Eva</marc:subfield>
      <marc:subfield code="4">aut</marc:subfield>
      <marc:subfield code="e">Verfasser/-in</marc:subfield>
   </marc:datafield>
   <marc:datafield ind1=" " ind2=" " tag="653">
      <marc:subfield code="a">Softcover / Reiseführer/Europa</marc:subfield>
   </marc:datafield>
   <marc:datafield ind1=" " ind2=" " tag="653">
      <marc:subfield code="a">Führer</marc:subfield>
   </marc:datafield>
   <marc:datafield ind1="0" ind2="0" tag="245">
      <marc:subfield code="a">St. Petersburg</marc:subfield>
   </marc:datafield>
   <marc:datafield ind1="0" ind2="0" tag="245">
      <marc:subfield code="b">15x Top-Empfehlungen: Der gute Tipp von Merian</marc:subfield>
   </marc:datafield>
   <marc:datafield ind1="0" ind2="0" tag="245">
      <marc:subfield code="c">die Autorinnen Christiane Bauermeister ; Eva Gerberding</marc:subfield>
   </marc:datafield>
   <marc:datafield ind1=" " ind2="1" tag="264">
      <marc:subfield code="a">München</marc:subfield>
      <marc:subfield code="b">Travel-House-Media</marc:subfield>
      <marc:subfield code="c">2009</marc:subfield>
   </marc:datafield>
   <marc:datafield ind1="1" ind2=" " tag="490">
      <marc:subfield code="a">Merian-Reiseführer</marc:subfield>
   </marc:datafield>
   <marc:datafield ind1=" " ind2=" " tag="250">
      <marc:subfield code="a">1. Aufl.</marc:subfield>
   </marc:datafield>
   <marc:datafield ind1="1" ind2=" " tag="520">
      <marc:subfield code="a">Angaben aus der Verlagsmeldung

St. Petersburg / von Eva Gerberding, Christiane Bauermeister

Sankt Petersburg gilt als Metropole der Kunst, Literatur, Musik, des Theaters von Weltruhm. Die Autorinnen Eva Gerberding und Christiane Bauermeister begleiten den Besucher durch die "europäischste" Stadt Russlands an der Newa, in der Generationen von Zaren ihre Spuren hinterlassen haben: in breiten Prachtstraßen mit triumphalen klassizistischen Palästen, prunkvollen barocken Kirchen, imperialen Plätzen und weitläufigen Parks. Dabei kommen auch kulinarische Genüsse nicht zu kurz. Außerdem führen die Autorinnen den Leser in die Umgebung zur Künstlerkolonie Repino oder zu Residenzen wie Zarskoje Selo mit dem berühmten Bernsteinzimmer. Für eine einfache Orientierung sind alle Adressen auch in russischen Schriftzeichen gesetzt.

Weitere Ausstattungsmerkmale: herausnehmbarer Stadtplan St. Petersburg, drei laminierte Tourenkarten; ca.180 Farbfotos und Illustrationen.

10 x MERIAN-Spezial, 15 x Top-Empfehlungen DER GUTE TIPP VON MERIAN, Glossar, Sprachführer und Essdolmetscher
</marc:subfield>
   </marc:datafield>
   <marc:datafield ind1=" " ind2=" " tag="020">
      <marc:subfield code="a">9783834202901</marc:subfield>
      <marc:subfield code="9">9783834202901</marc:subfield>
   </marc:datafield>
   <marc:datafield ind1=" " ind2=" " tag="041">
      <marc:subfield code="a">ger</marc:subfield>
   </marc:datafield>
   <marc:datafield ind1=" " ind2=" " tag="300">
      <marc:subfield code="a">256 S.</marc:subfield>
   </marc:datafield>
</marc:record>
